<?xml version="1.0" encoding="UTF-8"?>
<record
    xmlns:xsi="http://www.w3.org/2001/XMLSchema-instance"
    xsi:schemaLocation="http://www.loc.gov/MARC21/slim http://www.loc.gov/standards/marcxml/schema/MARC21slim.xsd"
    xmlns="http://www.loc.gov/MARC21/slim">

  <leader>01101nab a2200241 i 4500</leader>
  <controlfield tag="001">180785</controlfield>
  <controlfield tag="003">ES-MaACL</controlfield>
  <controlfield tag="005">20250902212236.0</controlfield>
  <controlfield tag="008">120712s1913    sp            000 s spa d</controlfield>
  <datafield tag="100" ind1="1" ind2=" ">
    <subfield code="a">Rivera Pastor, Francisco,</subfield>
    <subfield code="d">1878-1936</subfield>
    <subfield code="e">aut</subfield>
    <subfield code="9">97663</subfield>
  </datafield>
  <datafield tag="245" ind1="1" ind2="0">
    <subfield code="a">Orientaciones pol&#xED;ticas : </subfield>
    <subfield code="b">memoria que actualmente es objeto de discusi&#xF3;n en la Secci&#xF3;n de Ciencias Morales y Pol&#xED;ticas / </subfield>
    <subfield code="c">por Francisco Rivera Pastor</subfield>
  </datafield>
  <datafield tag="300" ind1=" " ind2=" ">
    <subfield code="a">P&#xE1;ginas 14-24</subfield>
  </datafield>
  <datafield tag="594" ind1=" " ind2=" ">
    <subfield code="a">Precede al t&#xED;tulo: Ateneo de Madrid. Secci&#xF3;n de Ciencias Morales y Pol&#xED;ticas</subfield>
  </datafield>
  <datafield tag="599" ind1=" " ind2=" ">
    <subfield code="a">Retrato del autor en portada</subfield>
  </datafield>
  <datafield tag="610" ind1="2" ind2="4">
    <subfield code="a">Ateneo de Madrid. </subfield>
    <subfield code="b">Secci&#xF3;n de Ciencias Morales y Pol&#xED;ticas-</subfield>
    <subfield code="v">Memorias</subfield>
    <subfield code="9">1986</subfield>
  </datafield>
  <datafield tag="650" ind1=" " ind2="7">
    <subfield code="a">Estado</subfield>
    <subfield code="2">embne</subfield>
    <subfield code="9">12523</subfield>
  </datafield>
  <datafield tag="651" ind1=" " ind2="0">
    <subfield code="a">Espa&#xF1;a-</subfield>
    <subfield code="x">Pol&#xED;tica y gobierno-</subfield>
    <subfield code="y">1902-1931</subfield>
    <subfield code="9">226938</subfield>
  </datafield>
  <datafield tag="655" ind1=" " ind2="4">
    <subfield code="a">Conferencias</subfield>
    <subfield code="9">234444</subfield>
  </datafield>
  <datafield tag="710" ind1="2" ind2=" ">
    <subfield code="a">Ateneo de Madrid. </subfield>
    <subfield code="b">Secci&#xF3;n de Ciencias Morales y Pol&#xED;ticas</subfield>
    <subfield code="e">isb</subfield>
    <subfield code="9">1985</subfield>
  </datafield>
  <datafield tag="773" ind1="0" ind2=" ">
    <subfield code="t">La Palabra : revista taquigr&#xE1;fica, </subfield>
    <subfield code="x">ISSN 2479-7723,</subfield>
    <subfield code="g">N. 8 (15 abril 1913), p. 14-24</subfield>
    <subfield code="0">2879</subfield>
    <subfield code="w">2879</subfield>
    <subfield code="9">2987</subfield>
  </datafield>
  <datafield tag="942" ind1=" " ind2=" ">
    <subfield code="c">ANAB</subfield>
    <subfield code="2">udc</subfield>
    <subfield code="n">0</subfield>
  </datafield>
  <datafield tag="999" ind1=" " ind2=" ">
    <subfield code="c">180785</subfield>
    <subfield code="d">180785</subfield>
  </datafield>
</record>
